| 000 | 00542cam a2200217ua 4500 | ||
|---|---|---|---|
| 001 | 2373 | ||
| 005 | 20260515113459.0 | ||
| 008 | 110806n ii |||gr||||Z||||||eng | ||
| 020 | _a81-7729-035-5 | ||
| 040 | _cMAIN | ||
| 082 | _a327 | ||
| 100 | _aChanderr, Prakash., | ||
| 245 |
_aInternational relations. _cBy Prakash Chander. |
||
| 250 | _a19th. | ||
| 260 |
_aNew Delhi: _bCosmos., _c2000. |
||
| 300 |
_a770 p.: _c23 cm. |
||
| 653 | _aPolitical science. | ||
| 653 | _aInternational relations. | ||
| 700 | _aArora, Prem., | ||
| 942 | _cBK | ||
| 999 |
_c2228 _d2228 |
||